[Event "Titled Tuesday intern op 30th Jul Late"]
[Site "Chess.com INT"]
[Date "2024.07.30"]
[Round "4"]
[White "Shamsi, Mohammadhossein"]
[Black "Brunner, Nicolas"]
[Result "0-1"]
[WhiteElo "2217"]
[BlackElo "2424"]
[PlyCount "92"]
[EventDate "2024.07.30"]
[EventType "swiss (blitz)"]
[EventRounds "11"]
[EventCountry "USA"]
[SourceTitle "EXT 2025"]
[Source "ChessBase"]
[SourceDate "2024.10.14"]
[SourceVersion "1"]
[SourceVersionDate "2024.10.14"]
[SourceQuality "1"]

1. Nf3 d5 2. g3 c5 3. Bg2 Nc6 4. d4 Nf6 5. 0-0 e6 6. c4 dxc4 7. dxc5 Qxd1 8. Rxd1 Bxc5 9. Bd2 Bd7 10. Nc3 0-0-0 11. Rac1 Kb8 12. Bf4+ Ka8 13. Nb5 a6 14. Nd6 Bxd6 15. Bxd6 Bc8 16. Ba3 Rxd1+ 17. Rxd1 Nd5 18. Ng5 f6 19. Nf7 Rg8 20. Nd6 b5 21. Rxd5 exd5 22. Bxd5 Rd8 23. Bxc6+ Kb8 24. Nxc8 Kxc8 25. Bb4 Rd1+ 26. Kg2 Rb1 27. Bc3 b4 28. Bd4 c3 29. bxc3 bxc3 30. Be4 Rc1 31. Kf3 h6 32. h4 a5 33. a4 Kc7 34. Be3 Ra1 35. Bd4 Rxa4 36. e3 Rc4 37. Bc2 a4 38. Ke2 a3 39. Kd3 a2 40. Kxc4 a1Q 41. Kd3 Qf1+ 42. Kxc3 Qxf2 43. g4 Qxh4 44. Bf5 Qf2 45. Kd3 h5 46. Be6 h4 0-1

[Event "Titled Tuesday intern op 30th Jul Late"]
[Site "Chess.com INT"]
[Date "2024.07.30"]
[Round "3"]
[White "Shamsi, Mohammadhossein"]
[Black "Gulamirian, Korun"]
[Result "1-0"]
[WhiteElo "2217"]
[BlackElo "1890"]
[PlyCount "69"]
[EventDate "2024.07.30"]
[EventType "swiss (blitz)"]
[EventRounds "11"]
[EventCountry "USA"]
[SourceTitle "EXT 2025"]
[Source "ChessBase"]
[SourceDate "2024.10.14"]
[SourceVersion "1"]
[SourceVersionDate "2024.10.14"]
[SourceQuality "1"]

1. Nf3 Nf6 2. g3 g6 3. Bg2 Bg7 4. 0-0 0-0 5. d4 c6 6. b3 d5 7. c4 e6 8. Bb2 a5 9. Nc3 Nbd7 10. Qc2 Nb6 11. Nd2 a4 12. Rad1 a3 13. Ba1 Qe7 14. e4 Rd8 15. Rfe1 Qb4 16. e5 Ne8 17. c5 Nd7 18. Na4 b5 19. Bc3 bxa4 20. Bxb4 axb3 21. Nxb3 Ba6 22. f4 Bc4 23. Bf1 Rab8 24. Bxa3 Ra8 25. Bc1 Bxf1 26. Rxf1 Rdb8 27. g4 Ra4 28. f5 Rc4 29. Qf2 gxf5 30. gxf5 exf5 31. Qxf5 Ndf6 32. exf6 Nxf6 33. Bg5 Ne4 34. Qxf7+ Kh8 35. Qc7 1-0

[Event "Titled Tuesday intern op 09th Jul Late"]
[Site "Chess.com INT"]
[Date "2024.07.09"]
[Round "10"]
[White "Ferreira, Vitor Hugo Vieira"]
[Black "Shamsi, Mohammadhossein"]
[Result "0-1"]
[WhiteElo "2128"]
[BlackElo "2217"]
[PlyCount "156"]
[EventDate "2024.07.09"]
[EventType "swiss (blitz)"]
[EventRounds "11"]
[EventCountry "USA"]
[SourceTitle "EXT 2025"]
[Source "ChessBase"]
[SourceDate "2024.10.14"]
[SourceVersion "1"]
[SourceVersionDate "2024.10.14"]
[SourceQuality "1"]

1. e4 c6 2. d4 d5 3. exd5 cxd5 4. Bd3 Nc6 5. c3 Nf6 6. Ne2 Bg4 7. 0-0 e6 8. Qe1 Bd6 9. f3 Bh5 10. Qh4 0-0 11. Bg5 Bg6 12. Bxg6 hxg6 13. Nd2 Be7 14. f4 Ne4 15. Nxe4 dxe4 16. Rad1 f6 17. Qg4 fxg5 18. Qxe6+ Rf7 19. fxg5 Qf8 20. d5 Nd8 21. Qxg6 Bc5+ 22. Nd4 e3 23. Rfe1 Re7 24. Re2 Bxd4 25. Rxd4 Rf7 26. h3 Rf1+ 27. Kh2 Rf4 28. Rxe3 Rxd4 29. cxd4 Qf4+ 30. Rg3 Nf7 31. Qd3 Rd8 32. Kg1 Nxg5 33. Rg4 Qf6 34. Qg3 Nf7 35. Qc7 Nh6 36. Rf4 Qd6 37. Qxd6 Rxd6 38. Rf3 Rxd5 39. Rb3 b6 40. g4 Nf7 41. Rb4 Ng5 42. Kg2 Ne6 43. Kf3 Rxd4 44. Rb3 Rd1 45. Ke2 Rh1 46. Re3 Rh2+ 47. Kd3 Ng5 48. Re8+ Kh7 49. Ra8 Rxh3+ 50. Kd4 a5 51. Ra6 Nf3+ 52. Ke4 Nd2+ 53. Kf5 Rh6 54. g5 Rg6 55. Ra7 Nf3 56. Rd7 Nh4+ 57. Kg4 Ng2 58. Rd2 Ne3+ 59. Kf4 Nc4 60. Rh2+ Kg8 61. Kf5 Rc6 62. g6 Ne3+ 63. Kg5 Rc5+ 64. Kf4 Nd5+ 65. Ke4 Nf6+ 66. Kf4 Rc4+ 67. Kf5 Rc5+ 68. Kf4 Rc6 69. Rd2 Kf8 70. Rd8+ Ke7 71. Rb8 Rc2 72. Rb7+ Kf8 73. Rxb6 Nd5+ 74. Ke5 Nxb6 75. b4 axb4 76. a3 bxa3 77. Ke6 a2 78. Ke5 a1Q+ 0-1